Yaxşı ssenarini əla ssenariyə necə çevirməli? (Record no. 422)

MARC details
000 -LEADER
fixed length control field 01046nam a22003017a 4500
003 - CONTROL NUMBER IDENTIFIER
control field OSt
005 - DATE AND TIME OF LATEST TRANSACTION
control field 20260512113051.0
008 - FIXED-LENGTH DATA ELEMENTS--GENERAL INFORMATION
fixed length control field 260512b |||||||| |||| 00| 0 aze d
020 ## - INTERNATIONAL STANDARD BOOK NUMBER
International Standard Book Number 9789952583588
040 ## - CATALOGING SOURCE
Original cataloging agency AZ-XaKU
Language of cataloging aze
Transcribing agency AZ-XaKU
041 1# - LANGUAGE CODE
Language code of text/sound track or separate title aze
050 14 - LIBRARY OF CONGRESS CALL NUMBER
Classification number PN1996 .Se376 .Sce61 2024
100 1# - MAIN ENTRY--PERSONAL NAME
Relator term müəllif
Personal name Seger, Linda,
Titles and words associated with a name 1945 - ;
Dates associated with a name müəllif
245 10 - TITLE STATEMENT
Title Yaxşı ssenarini əla ssenariyə necə çevirməli?
Statement of responsibility, etc. / Linda Seger
264 ## - PRODUCTION, PUBLICATION, DISTRIBUTION, MANUFACTURE, AND COPYRIGHT NOTICE
Place of production, publication, distribution, manufacture Bakı:
Name of producer, publisher, distributor, manufacturer Zərdabi Nəşr,
300 ## - PHYSICAL DESCRIPTION
Extent 104 səhifə ;
Dimensions 20.5 sm.
336 ## - CONTENT TYPE
Content type term text
Content type code txt
Source rdacontent
337 ## - MEDIA TYPE
Media type term unmediated
Media type code n
Source rdamedia
338 ## - CARRIER TYPE
Carrier type term volume
Carrier type code nc
Source rdacarrier
505 0# - Formatted Contents Note
Formatted contents note I Hissə. Ssenarinin sturukturu -- II Hissə. İdeyanın inkişafı -- III Hissə. Xarakterin inkişafı -- Epiloq
521 ## - TARGET AUDIENCE NOTE
Target audience note Ümumi oxucu kütləsi
650 #7 - SUBJECT ADDED ENTRY--TOPICAL TERM
Source of heading or term AZ-XaKU
Topical term or geographic name entry element kino və dramaturgiya
655 ## - INDEX TERM--GENRE/FORM
Genre/form data or focus term Sənətşünaslıq
700 1# - ADDED ENTRY--PERSONAL NAME
Personal name Əmirli, Əli,
Relator term tərcümə edən
700 1# - ADDED ENTRY--PERSONAL NAME
Personal name Cabbarov, Əli İsa,
Relator term nəşrə məsul
942 ## - ADDED ENTRY ELEMENTS (KOHA)
Koha item type Book
Holdings
Withdrawn status Lost status Source of classification or shelving scheme Damaged status Not for loan Home library Current library Date acquired Total checkouts Full call number Barcode Date last seen Copy number Price effective from Koha item type
    Library of Congress Classification     Karabakh University Main Library Karabakh University Art Library 05/12/2026   PN1996 .Se376 .Sce61 2024 0000001200 05/12/2026 1. 05/12/2026 Book